Investigating chromosomes (Record no. 34477)

MARC details
000 -LEADER
fixed length control field 00299nam a2200121Ia 4500
082 ## - DEWEY DECIMAL CLASSIFICATION NUMBER
Classification number 576.36
Item number DYE
100 ## - MAIN ENTRY--AUTHOR NAME
Personal name Dyer, Adrian F
245 #0 - TITLE STATEMENT
Title Investigating chromosomes
260 ## - PUBLICATION, DISTRIBUTION, ETC. (IMPRINT)
Place of publication London
Name of publisher Edward Arnold
Year of publication 1979
650 ## - SUBJECT ADDED ENTRY--TOPICAL TERM
Topical Term Chromosome
942 ## - ADDED ENTRY ELEMENTS (KOHA)
Koha item type Books
Holdings
Withdrawn status Lost status Damaged status Not for loan Home library Current library Date acquired Full call number Accession Number Koha item type
        RRII Library RRII Library 16/12/2021 576.36 DYE 14913 Books